Louisiana Multiple Choice - Statistics

General Stats
  • This quiz has been taken 23 times
  • The average score is 8 of 10
Answer Stats
Question Answer % Correct
What is the capital of Louisiana? Baton Rouge
94%
What style were musicians such as Louis Armstrong and King Oliver known for playing? Jazz
94%
What are most often thrown during Mardi Gras? Beads
82%
Instead of counties, what is Louisiana divided into? Parishes
82%
What is the name of New Orleans' football team? Saints
82%
Which of these groups is NOT associated with Louisiana? Gullah
76%
What is famously produced on Avery Island? Hot sauce
76%
What lake can be found to the north of New Orleans? Pontchartrain
71%
Which one of these foods is NOT associated with Louisiana? Cassoulet
59%
What animal is the mascot of Louisiana State University? Tiger
59%
No matching quizzes found
Score Distribution
Percent of People with Each Score
Percentile by Number Answered
Your Score History
You have not taken this quiz